Belső auditálási folyamatok

Bibliographic Details
Main Author: Darvas Szilárd
Other Authors: Budai Dr. László
Format: Final Paper
Kulcsszavak:Auditálás
Folyamatok
Szállítmányozás
Robert Bosch Elektronika Kft.
Teljesítmény-értékelés
Teljesítménymérés
Online Access:http://dolgozattar.uni-bge.hu/22556

MARC

LEADER 00000nta a2200000 i 4500
001 dolg22556
005 20200420112020.0
008 190518suuuu hu o 000 hun d
040 |a BGE Dolgozattár Repozitórium  |b hun 
041 |a hu 
100 1 |a Darvas Szilárd 
245 1 0 |a Belső auditálási folyamatok  |c Darvas Szilárd  |h [elektronikus dokumentum] 
516 |a Final_paper 
695 |a Auditálás 
695 |a Folyamatok 
695 |a Szállítmányozás 
695 |a Robert Bosch Elektronika Kft. 
695 |a Teljesítmény-értékelés 
695 |a Teljesítménymérés 
700 1 |a Budai Dr. László  |e ths 
856 4 0 |u http://dolgozattar.uni-bge.hu/22556/1/z%C3%A1r%C3%B3dolgozat%20Darvas%20Szil%C3%A1rd.pdf  |z Dokumentum-elérés 
856 4 0 |u http://dolgozattar.uni-bge.hu/22556/7/Darvas%20Szil%C3%A1rd%20bizalmas.pdf  |z Dokumentum-elérés